000 00502nam a2200157Ia 4500
008 210716s2002 xx 000 0 und d
020 _a007709221X
041 _aeng
082 _a005.453 BENJ
100 _aBennett, J P.
245 _aIntroduction to compiling techniques: a first course using ansi c lex and yacc.
_bFirst course using ansi c lex and yacc.
250 _a2
260 _aNew Delhi
_bTata McGraw Hill Publishing Company Ltd
_c2002
300 _aix,283
650 _aCompilers(005.453)
999 _c185667
_d185667